2022 MLB Stats Hitting Leaders - Statistics

General Stats
  • This quiz has been taken 180 times
  • The average score is 87 of 112
Answer Stats
Hint Answer % Correct
Yankees Aaron Judge
100%
BA | HR | Hits | +4 others a
99%
Cardinals Paul Goldschmidt
95%
Astros Jose Altuve
93%
Cardinals Nolan Arenado
93%
Doders | Dodgers Freddie Freeman
92%
Dodgers Mookie Betts
92%
Cardinals Nola Arenado
92%
Braves Ronald Acuna Jr
91%
Astros Yordan Alvarez
91%
Guardians Jose Ramirez
90%
Padres Manny Machado
90%
Angels Shohei Ohtani
89%
Mets Pete Alonso
88%
Braves Austin Riley
86%
Red Sox Rafael Devers
86%
Rangers Corey Seager
82%
Dodgers Trea Turner
82%
Mets Francisco Lindor
79%
Padres Juan Soto
78%
Braves Matt Olson
77%
Blue Jays Vladimor Guerrero Jr
73%
Rangers Marcus Semien
72%
Red Sox Xander Bogaerts
72%
Mets Jeff Mcneil
71%
Phillies Kyle Schwarber
70%
Mets Starling Marte
68%
White Sox Jose Abreu
67%
Mariners Julio Rodriguez
66%
Astros Kyle Tucker
64%
Twins Luis Arraez
63%
Orioles Cedric Mullins
61%
Rangers Adolis Garcia
59%
Rockies CJ Cron
58%
Brewers Christian Yelich
57%
Yankees Anthony Rizzo
56%
Rangers Nathaniel Lowe
56%
Royals Bobby Witt Jr
55%
Braves Dansby Swanson
55%
Guardians Andres Gimenez
53%
Guardians Steven Kwan
53%
Diamondbacks Christian Walker
48%
Orioles Jorge Mateo
45%
Cardinals Tommy Edman
44%
Brewers Rowdy Tellez
42%
Guardians Amed Rosario
41%
Phillies JT Realmuto
41%
Rays Arozarena
40%
Blue Jays Alejandro Kirk
30%
Yankees Andrew Benintendi
25%
Rockies Jose Iglesias
15%
Diamondbacks Josh Rojas
11%
No matching quizzes found
Score Distribution
Percent of People with Each Score
Percentile by Number Answered
Your Score History
You have not taken this quiz